A skolasztikus értékelmélet

Elmentve itt :
Bibliográfiai részletek
Szerző: Werdenich Endre
Adatforrás:Philobibl
Forrásdokumentuma:Bölcseleti Folyóirat 1900
190-216. p.
Dokumentumtípus: Cikk
Nyelv:magyar
LEADER 00346nab a2200109 c 4500
001 bibDOK00013984
005 20200924120858.5
008 060518s1900 xx hun
100 1 |a Werdenich Endre 
245 1 2 |a A skolasztikus értékelmélet  |c Werdenich Endre 
500 |a 1900. jan. 27-iki ülésen felolvastatott 
773 0 |t Bölcseleti Folyóirat 1900  |g 190-216. p.